|
|
|
|
| LEADER |
01224nam a2200253 i 4500 |
| 001 |
c000236492 |
| 003 |
CARM |
| 005 |
00000000000000.0 |
| 008 |
840301s1978 nju 0 eng d |
| 019 |
1 |
|
|a 760376
|z 41555888
|5 LACONCORD2021
|
| 020 |
|
|
|a 0878551328
|
| 035 |
|
|
|a (OCoLC)2121406
|5 LACONCORD2021
|
| 082 |
0 |
4 |
|a 297/.899
|a B
|
| 100 |
1 |
|
|a Shaked, Haim.
|
| 245 |
1 |
4 |
|a The life of the Sudanese Mahdi :
|b a historical study of Kitab sa'adat al-mustahdi bi-sirat al-Imam al-Mahdi (The book of the bliss of him who seeks guidance by the life of the Imam the Mahdi) by Isma'il b. 'Abd al-Qadir /
|c Haim Shaked .
|
| 260 |
|
|
|a New Brunswick, N.J. :
|b Transaction Books,
|c c1978.
|
| 300 |
|
|
|a xv, 284 p. :
|b ill. ;
|c 24 cm.
|
| 440 |
|
0 |
|a Studies in Islamic culture and history
|
| 504 |
|
|
|a Bibliography: p. 261-266.
|
| 600 |
1 |
0 |
|a Kurdufānī, Ismāʻīl ʻAbd al-Qādir,
|d 1844-1897.
|t Saʻādat al-mustahdī bi-sīrat al-Imān al-Mahdī.
|
| 600 |
1 |
0 |
|a Mahdī, Muḥammad Aḥmad,
|d 1848-1885.
|
| 852 |
8 |
|
|b CARM
|h A2:AQ35A0
|i B07538
|p 0324571
|f BK
|
| 999 |
f |
f |
|i f903c362-9567-5e30-9d96-0cf2a14f40a7
|s bc129247-716d-56b8-8ae0-b993b953e07d
|
| 952 |
f |
f |
|p Can circulate
|a CAVAL
|b CAVAL
|c CAVAL
|d CARM 1 Store
|e B07538
|f A2:AQ35A0
|h Other scheme
|i book
|m 0324571
|